[Event "Abe Yanofsky mem U2000"]
[Site "Winnipeg CAN"]
[Date "2003.08.31"]
[Round "4"]
[White "Clory, Ron"]
[Black "MacPherson, Al"]
[Result "1/2-1/2"]
[WhiteElo "1673"]
[BlackElo "1891"]
[PlyCount "83"]
[EventDate "2003.08.29"]
[EventType "swiss"]
[EventRounds "6"]
[EventCountry "CAN"]

1. Nf3 d5 2. d3 c5 3. g3 Nc6 4. Bg2 e5 5. O-O Nf6 6. Nbd2 Bd6 7. c3 O-O 8. Qc2
Re8 9. e4 d4 10. a3 a5 11. a4 Rb8 12. Nc4 Bc7 13. Nh4 Be6 14. Na3 Qd7 15. Nb5
Bd8 16. f4 Bh3 17. f5 Bxg2 18. Nxg2 Rf8 19. Qe2 Ne8 20. c4 Nb4 21. Ne1 Kh8 22.
Nc2 Rg8 23. Nxb4 cxb4 24. Bd2 g5 25. g4 f6 26. Rf2 Qf7 27. h3 Kg7 28. Rh2 Rh8
29. h4 h6 30. Kf2 Qf8 31. Rah1 Nd6 32. Nxd6 Qxd6 33. hxg5 fxg5 34. Rh5 Be7 35.
b3 Rh7 36. Rc1 Rc8 37. Qf3 b6 38. Ke2 Qf6 39. Qh1 Qd6 40. Rf1 Rf8 41. Rh2 Rfh8
42. Qf3 1/2-1/2

[Event "Abe Yanofsky mem U2000"]
[Site "Winnipeg CAN"]
[Date "2003.08.31"]
[Round "4"]
[White "Conway, Edward J"]
[Black "Milord, Frank"]
[Result "1-0"]
[WhiteElo "1654"]
[BlackElo "1566"]
[PlyCount "37"]
[EventDate "2003.08.29"]
[EventType "swiss"]
[EventRounds "6"]
[EventCountry "CAN"]

1. e4 d6 2. d4 Nf6 3. Nc3 g6 4. f4 Bg7 5. Nf3 c5 6. e5 dxe5 7. fxe5 Ng4 8. h3
cxd4 9. Bb5+ Bd7 10. Qxd4 Bxb5 11. Qxg4 Qd7 12. Nxb5 Nc6 13. Qxd7+ Kxd7 14. Be3
a6 15. O-O-O+ Kc8 16. Nbd4 Nxe5 17. Nxe5 Bxe5 18. Rhf1 Bd6 19. Rxf7 1-0

[Event "Abe Yanofsky mem U2000"]
[Site "Winnipeg CAN"]
[Date "2003.08.31"]
[Round "4"]
[White "Cowdrey, Eric"]
[Black "Wasney, Mark"]
[Result "1-0"]
[WhiteElo "1773"]
[BlackElo "1719"]
[PlyCount "87"]
[EventDate "2003.08.29"]
[EventType "swiss"]
[EventRounds "6"]
[EventCountry "CAN"]

1. d4 d5 2. c4 c6 3. Nc3 Nf6 4. Nf3 e6 5. e3 Bd6 6. Bd3 O-O 7. O-O Nbd7 8. e4
dxe4 9. Nxe4 Nxe4 10. Bxe4 Nf6 11. Bc2 h6 12. b3 c5 13. dxc5 Bxc5 14. Bb2 Qe7
15. Qe2 b6 16. Bxf6 Qxf6 17. Qe4 Qf5 18. Qxa8 Qxc2 19. Qxa7 Rd8 20. Qc7 Qd3 21.
Ne5 Qd2 22. Qxf7+ Kh7 23. Qg6+ Kg8 24. Nf3 Qf4 25. Rad1 Rf8 26. Qg3 Qf5 27. Qe5
Qg6 28. Nd4 Kh8 29. Qg3 Qf6 30. Nc2 Qf5 31. Ne3 Qh5 32. Qc7 Qg5 33. Qg3 Qf6 34.
Rd2 Bb7 35. Rfd1 h5 36. h4 Bc6 37. Qg5 Qf7 38. Kh1 Be7 39. Qg3 Qf6 40. Nc2 Qf7
41. Nd4 Bb7 42. Nf3 Bc8 43. Ne5 Kh7 44. Nxf7 1-0

[Event "Abe Yanofsky mem U2000"]
[Site "Winnipeg CAN"]
[Date "2003.08.31"]
[Round "4"]
[White "Curtis, Rory"]
[Black "Baser, John"]
[Result "1-0"]
[WhiteElo "1652"]
[BlackElo "1891"]
[PlyCount "47"]
[EventDate "2003.08.29"]
[EventType "swiss"]
[EventRounds "6"]
[EventCountry "CAN"]

1. d4 f5 2. Bg5 d6 3. e3 g6 4. Nf3 Bg7 5. Bc4 Nf6 6. Nbd2 d5 7. Be2 Nbd7 8. c4
c6 9. cxd5 cxd5 10. Rc1 Qa5 11. O-O Ne4 12. Nb3 Qb6 13. Rc2 Nxg5 14. Nxg5 h6
15. Nf3 O-O 16. Qc1 g5 17. Kh1 g4 18. Ng1 Nf6 19. Rc7 Ne4 20. f3 Ng3+ 21. hxg3
Qg6 22. fxg4 fxg4 23. Rxf8+ Bxf8 24. Rxc8 1-0

[Event "Abe Yanofsky mem U2000"]
[Site "Winnipeg CAN"]
[Date "2003.08.31"]
[Round "4"]
[White "Katona, John"]
[Black "Graham, Ken"]
[Result "0-1"]
[WhiteElo "1757"]
[BlackElo "1903"]
[PlyCount "96"]
[EventDate "2003.08.29"]
[EventType "swiss"]
[EventRounds "6"]
[EventCountry "CAN"]

1. e4 Nf6 2. Nc3 d5 3. exd5 Nxd5 4. Bc4 c6 5. Qf3 e6 6. Nge2 Nd7 7. O-O Ne5 8.
Qe4 Bd6 9. Ng3 f5 10. Qe2 Nf4 11. Qe1 Nxc4 12. d3 Nb6 13. Nxf5 O-O 14. Nxd6
Qxd6 15. Ne4 Qc7 16. f3 e5 17. Kh1 Bf5 18. Be3 Bxe4 19. fxe4 c5 20. Qh4 Rf6 21.
g3 Ng6 22. Qg4 Raf8 23. Rxf6 Rxf6 24. h4 Qd7 25. Qxd7 Nxd7 26. Kg2 Ngf8 27. Bg5
Rf7 28. c3 Ne6 29. Be3 Nf6 30. Rd1 Rd7 31. Kf3 h5 32. Ke2 b6 33. Rf1 c4 34. Rf5
cxd3+ 35. Kd1 Ng4 36. Bg1 Rf7 37. Rxf7 Kxf7 38. Kd2 Nc5 39. Bxc5 bxc5 40. Kxd3
Ke6 41. b4 Kd6 42. b5 Nf2+ 43. Ke3 Nd1+ 44. Kd2 Nb2 45. Kc2 Nc4 46. Kd3 Nb6 47.
c4 Kc7 48. Kc3 Nc8 0-1

[Event "Abe Yanofsky mem U2000"]
[Site "Winnipeg CAN"]
[Date "2003.08.31"]
[Round "4"]
[White "Klokow, John"]
[Black "Czarny, Keith"]
[Result "0-1"]
[WhiteElo "1761"]
[BlackElo "1621"]
[PlyCount "76"]
[EventDate "2003.08.29"]
[EventType "swiss"]
[EventRounds "6"]
[EventCountry "CAN"]

1. e4 Nf6 2. e5 Nd5 3. d4 e6 4. c4 Nb6 5. Be3 Nc6 6. Nc3 Bb4 7. Qg4 g6 8. Bg5
Be7 9. Bh6 f5 10. Qd1 d6 11. exd6 Qxd6 12. Nf3 Qb4 13. Qb3 Bd7 14. Be2 O-O-O
15. Bd2 Bf6 16. Nb5 Qxb3 17. axb3 a6 18. Nc3 Nxd4 19. Nxd4 Bxd4 20. Bg5 Rde8
21. O-O e5 22. Bd2 e4 23. b4 Rhf8 24. c5 Bxc3 25. bxc3 Nd5 26. b5 Bxb5 27. c4
e3 28. cxb5 exd2 29. Bf3 Nc3 30. bxa6 bxa6 31. c6 Kd8 32. Rxa6 Ke7 33. Ra3 Ne4
34. Rd3 Rd8 35. Rxd8 Rxd8 36. g4 Ng5 37. Bg2 f4 38. f3 d1=Q 0-1

[Event "Abe Yanofsky mem U2000"]
[Site "Winnipeg CAN"]
[Date "2003.08.31"]
[Round "4"]
[White "Magyar, Peter"]
[Black "Gannon, Keith"]
[Result "1-0"]
[WhiteElo "1711"]
[BlackElo "1615"]
[PlyCount "127"]
[EventDate "2003.08.29"]
[EventType "swiss"]
[EventRounds "6"]
[EventCountry "CAN"]

1. e4 d6 2. Nc3 Nc6 3. Bc4 e6 4. d3 Nf6 5. a3 Be7 6. Nf3 O-O 7. Bf4 a6 8. h3 d5
9. exd5 Nxd5 10. Bd2 Nxc3 11. Bxc3 Bf6 12. Bxf6 Qxf6 13. d4 Rd8 14. c3 Bd7 15.
Qd2 b5 16. Ba2 Ne7 17. Qg5 Qxg5 18. Nxg5 Bc6 19. Bb1 h6 20. Nf3 Bb7 21. Bd3 Nc6
22. O-O e5 23. Be4 exd4 24. Nxd4 Na5 25. Bxb7 Nxb7 26. b4 c5 27. Nf3 cxb4 28.
axb4 Rd3 29. Rfc1 Rd5 30. Nd4 Rdd8 31. Nc6 Re8 32. Kf1 Nd8 33. Nxd8 Rexd8 34.
Rd1 Rxd1+ 35. Rxd1 a5 36. bxa5 Rxa5 37. Ke2 Ra3 38. Rc1 Kf8 39. Rc2 Ke7 40. Kd2
Ra8 41. Rb2 Rd8+ 42. Kc2 Rd5 43. Kb3 Kd6 44. Kb4 Rf5 45. g3 h5 46. h4 g5 47.
hxg5 Rxg5 48. Ra2 h4 49. gxh4 Rg4+ 50. Kxb5 Rxh4 51. Rd2+ Kc7 52. c4 Rf4 53. c5
Rf3 54. Re2 Rc3 55. Re7+ Kb8 56. Rxf7 Rb3+ 57. Kc4 Rb1 58. f4 Rc1+ 59. Kd5 Rd1+
60. Kc6 Rd8 61. Kb6 Rg8 62. c6 Kc8 63. Ra7 Kb8 64. c7+ 1-0

[Event "Abe Yanofsky mem U2000"]
[Site "Winnipeg CAN"]
[Date "2003.08.31"]
[Round "4"]
[White "Pua, Richard"]
[Black "Strub, Michael"]
[Result "1-0"]
[WhiteElo "1639"]
[BlackElo "1767"]
[PlyCount "63"]
[EventDate "2003.08.29"]
[EventType "swiss"]
[EventRounds "6"]
[EventCountry "CAN"]

1. d4 d5 2. c4 e6 3. Nc3 Nf6 4. Nf3 c6 5. Bf4 Nbd7 6. e3 Qa5 7. Nd2 Bb4 8. Qc2
O-O 9. Nb3 Bxc3+ 10. bxc3 Qd8 11. cxd5 exd5 12. Bd3 b6 13. O-O c5 14. Nd2 Bb7
15. Nf3 h6 16. h3 a6 17. Rab1 Rc8 18. Qe2 b5 19. a4 c4 20. Bc2 Bc6 21. Ne5 Nxe5
22. Bxe5 bxa4 23. Ra1 Nd7 24. Bf4 g5 25. Bh2 Qa5 26. Qh5 Kg7 27. h4 gxh4 28.
Qg4+ Kf6 29. Qxh4+ Ke6 30. Qxh6+ f6 31. Qh7 Qxc3 32. Bf5# 1-0

[Event "Abe Yanofsky mem U2000"]
[Site "Winnipeg CAN"]
[Date "2003.08.31"]
[Round "4"]
[White "Rutter, Blair"]
[Black "Baglien, Brandon"]
[Result "1-0"]
[WhiteElo "1751"]
[BlackElo "1645"]
[PlyCount "33"]
[EventDate "2003.08.29"]
[EventType "swiss"]
[EventRounds "6"]
[EventCountry "CAN"]

1. d4 Nf6 2. c4 e6 3. a3 d5 4. Nc3 c5 5. e3 Nc6 6. Nf3 b6 7. Bd3 Bb7 8. cxd5
Nxd5 9. O-O Rc8 10. Bd2 cxd4 11. exd4 h6 12. Re1 Be7 13. Nxd5 Qxd5 14. Be4 Qd7
15. Qa4 Bd6 16. d5 exd5 17. Bf5+ 1-0

[Event "Abe Yanofsky mem U2000"]
[Site "Winnipeg CAN"]
[Date "2003.08.31"]
[Round "4"]
[White "Shome, Devarshi"]
[Black "Lafreniere, Adrian"]
[Result "1/2-1/2"]
[WhiteElo "1689"]
[BlackElo "1787"]
[PlyCount "41"]
[EventDate "2003.08.29"]
[EventType "swiss"]
[EventRounds "6"]
[EventCountry "CAN"]

1. e4 e6 2. d4 d5 3. exd5 exd5 4. Nf3 Bd6 5. c4 Bb4+ 6. Bd2 Bxd2+ 7. Qxd2 Nf6
8. Nc3 O-O 9. Be2 Be6 10. Ng5 Bf5 11. O-O c6 12. cxd5 Nxd5 13. Bc4 h6 14. Bxd5
hxg5 15. Bb3 g6 16. Rfe1 Nd7 17. Ne4 Bxe4 18. Rxe4 Nc5 19. Re3 Nxb3 20. Rxb3
Rb8 21. g3 1/2-1/2

[Event "Abe Yanofsky mem U2000"]
[Site "Winnipeg CAN"]
[Date "2003.08.31"]
[Round "4"]
[White "Thompson, Brian"]
[Black "Wangen, Michael"]
[Result "1/2-1/2"]
[WhiteElo "1864"]
[BlackElo "1907"]
[PlyCount "43"]
[EventDate "2003.08.29"]
[EventType "swiss"]
[EventRounds "6"]
[EventCountry "CAN"]

1. e4 d5 2. exd5 Qxd5 3. Nc3 Qa5 4. Nf3 Nf6 5. d3 Bg4 6. Be2 c6 7. Bd2 Nbd7 8.
O-O e6 9. Re1 Qc7 10. h3 Bh5 11. Ng5 Bg6 12. Nge4 O-O-O 13. Qc1 Nxe4 14. Nxe4
Bxe4 15. dxe4 Bd6 16. f4 Bc5+ 17. Kf1 g5 18. Bf3 gxf4 19. Bxf4 Qb6 20. c3 Qa6+
21. Be2 Qb6 22. Bf3 1/2-1/2

[Event "Abe Yanofsky mem U2000"]
[Site "Winnipeg CAN"]
[Date "2003.08.31"]
[Round "4"]
[White "Zaczek, Jonathan"]
[Black "Proulx, Roy"]
[Result "1-0"]
[WhiteElo "1658"]
[BlackElo "1684"]
[PlyCount "45"]
[EventDate "2003.08.29"]
[EventType "swiss"]
[EventRounds "6"]
[EventCountry "CAN"]

1. e4 c5 2. Nf3 d6 3. d4 cxd4 4. Nxd4 Nf6 5. Nc3 a6 6. Bg5 e6 7. f4 Be7 8. Qf3
Nbd7 9. O-O-O O-O 10. g4 e5 11. Nf5 Nc5 12. fxe5 Bxf5 13. gxf5 Nfd7 14. f6 gxf6
15. Bh6 Nxe5 16. Rg1+ Ng6 17. h4 f5 18. exf5 Bxh4 19. fxg6 fxg6 20. Qxf8+ Qxf8
21. Bxf8 Rxf8 22. Rxd6 b5 23. b4 1-0

[Event "Abe Yanofsky mem U2000"]
[Site "Winnipeg CAN"]
[Date "2003.08.31"]
[Round "5"]
[White "Baglien, Brandon"]
[Black "Clory, Ron"]
[Result "1-0"]
[WhiteElo "1645"]
[BlackElo "1673"]
[PlyCount "85"]
[EventDate "2003.08.29"]
[EventType "swiss"]
[EventRounds "6"]
[EventCountry "CAN"]

1. e4 d6 2. d4 g6 3. Be3 Bg7 4. Nf3 Nf6 5. Nc3 c6 6. Qd2 O-O 7. O-O-O b5 8. Bd3
b4 9. Ne2 a5 10. Bh6 Qb6 11. Rdg1 Ba6 12. h4 Bxd3 13. cxd3 Ng4 14. Bxg7 Kxg7
15. h5 Nd7 16. hxg6 hxg6 17. Rh4 Ndf6 18. Rgh1 Rh8 19. e5 dxe5 20. dxe5 Qc5+
21. Kb1 Nd5 22. Rc1 Qxf2 23. Rxg4 Rac8 24. Ned4 Qxd2 25. Nxd2 c5 26. N4f3 a4
27. Rgc4 Ne3 28. Rxc5 Rxc5 29. Rxc5 Rh1+ 30. Rc1 Rxc1+ 31. Kxc1 Nxg2 32. Ne4
Nf4 33. Kd2 Nd5 34. d4 f5 35. Neg5 Kh6 36. Kd3 Nb6 37. Nf7+ Kh5 38. e6 a3 39.
b3 Na8 40. d5 Nc7 41. Kd4 Nb5+ 42. Kc4 Nc3 43. d6 1-0

[Event "Abe Yanofsky mem U2000"]
[Site "Winnipeg CAN"]
[Date "2003.08.31"]
[Round "5"]
[White "Barkman, Daniel"]
[Black "Rutter, Blair"]
[Result "0-1"]
[WhiteElo "1609"]
[BlackElo "1751"]
[PlyCount "52"]
[EventDate "2003.08.29"]
[EventType "swiss"]
[EventRounds "6"]
[EventCountry "CAN"]

1. e4 e6 2. d4 d5 3. Nd2 Nf6 4. e5 Nfd7 5. Bd3 c5 6. c3 Nc6 7. Ne2 Qb6 8. Nf3
cxd4 9. cxd4 Be7 10. O-O Nf8 11. a3 Bd7 12. b4 Ng6 13. Bb2 O-O 14. Rc1 a6 15.
Bb1 a5 16. Nc3 axb4 17. Qb3 Na5 18. Na4 Nxb3 19. Nxb6 Nxc1 20. Bxc1 Rad8 21.
Nxd7 Rxd7 22. a4 Ra8 23. Bc2 Rc7 24. Bb3 Rc3 25. Nd2 Rd3 26. f4 Rxd4 0-1

[Event "Abe Yanofsky mem U2000"]
[Site "Winnipeg CAN"]
[Date "2003.08.31"]
[Round "5"]
[White "Baser, John"]
[Black "Zaczek, Jonathan"]
[Result "0-1"]
[WhiteElo "1891"]
[BlackElo "1658"]
[PlyCount "80"]
[EventDate "2003.08.29"]
[EventType "swiss"]
[EventRounds "6"]
[EventCountry "CAN"]

1. Nf3 c5 2. e4 d6 3. d3 g6 4. g3 Bg7 5. Bg2 e5 6. Nc3 Ne7 7. Be3 O-O 8. Qd2
Nbc6 9. O-O Be6 10. Ne1 f5 11. f4 Rb8 12. Rb1 b5 13. Nd5 Bxd5 14. exd5 Nb4 15.
c4 bxc4 16. dxc4 e4 17. a3 Na6 18. b4 Nc7 19. Nc2 Na6 20. Qf2 Qc8 21. bxc5 Nxc5
22. Rxb8 Qxb8 23. Bxc5 dxc5 24. Qxc5 Nc8 25. Nd4 Qb2 26. Ne6 Nb6 27. Nxg7 Kxg7
28. Rd1 Rc8 29. Qe7+ Kh6 30. Qh4+ Kg7 31. Qe7+ Kh8 32. Qe5+ Qxe5 33. fxe5 Nxc4
34. e6 Nd6 35. Kf1 Kg7 36. Rd2 Kf6 37. Ke2 Ke5 38. h4 Rc5 39. Ke3 Nc4+ 40. Ke2
Nxd2 0-1

[Event "Abe Yanofsky mem U2000"]
[Site "Winnipeg CAN"]
[Date "2003.08.31"]
[Round "5"]
[White "Clark, Jeff"]
[Black "Czypinski, Jaroslaw"]
[Result "0-1"]
[WhiteElo "1717"]
[BlackElo "1996"]
[PlyCount "107"]
[EventDate "2003.08.29"]
[EventType "swiss"]
[EventRounds "6"]
[EventCountry "CAN"]

1. Nf3 Nf6 2. c4 e6 3. g3 b6 4. Bg2 Bb7 5. O-O Be7 6. d3 O-O 7. e4 d6 8. Nc3 c5
9. h3 Nc6 10. Be3 Nd7 11. Ne1 Bf6 12. f4 Bd4 13. Qd2 Bxe3+ 14. Qxe3 Nd4 15. Nb5
Nxb5 16. cxb5 a6 17. bxa6 Rxa6 18. a3 Qa8 19. Rc1 d5 20. e5 d4 21. Qe2 Bxg2 22.
Nxg2 Qd5 23. Qf3 Qxf3 24. Rxf3 Rc8 25. Rf2 Kf8 26. Rfc2 Ke8 27. Ne1 Rca8 28.
Nf3 Ke7 29. Nd2 f6 30. Nf3 fxe5 31. fxe5 Rf8 32. Kg2 Raa8 33. Re1 Rf5 34. g4
Rff8 35. Kg3 Nb8 36. Re4 Nc6 37. Nd2 Na5 38. Kg2 Rf7 39. b4 Nb7 40. bxc5 bxc5
41. Nc4 Ra6 42. Rb2 Kd8 43. Re1 Kc7 44. Reb1 Kc6 45. Rb6+ Rxb6 46. Rxb6+ Kd5
47. a4 Rd7 48. Ra6 Rf7 49. a5 Rf8 50. Rb6 h5 51. a6 hxg4 52. axb7 gxh3+ 53. Kg3
h2 54. Rd6# 0-1

[Event "Abe Yanofsky mem U2000"]
[Site "Winnipeg CAN"]
[Date "2003.08.31"]
[Round "5"]
[White "Conway, Edward J"]
[Black "Katona, John"]
[Result "0-1"]
[WhiteElo "1654"]
[BlackElo "1757"]
[PlyCount "54"]
[EventDate "2003.08.29"]
[EventType "swiss"]
[EventRounds "6"]
[EventCountry "CAN"]

1. e4 c5 2. Nf3 d6 3. d4 cxd4 4. Nxd4 Nf6 5. Nc3 a6 6. Qf3 Qc7 7. Bd3 g6 8. Nd5
Nxd5 9. exd5 Bg7 10. Nb3 Nd7 11. O-O O-O 12. Rb1 Ne5 13. Qe2 Re8 14. Be4 e6 15.
Be3 Nc4 16. dxe6 Bxe6 17. Qf3 Ne5 18. Qd1 Ng4 19. Bf4 Bxb3 20. axb3 Rxe4 21.
Qxg4 Qxc2 22. Rfc1 Qd3 23. Rd1 Qxb3 24. f3 Rc4 25. h4 h5 26. Qg3 Qb6+ 27. Kh2
Rxf4 0-1

[Event "Abe Yanofsky mem U2000"]
[Site "Winnipeg CAN"]
[Date "2003.08.31"]
[Round "5"]
[White "Curtis, Rory"]
[Black "Shome, Devarshi"]
[Result "1-0"]
[WhiteElo "1652"]
[BlackElo "1689"]
[PlyCount "51"]
[EventDate "2003.08.29"]
[EventType "swiss"]
[EventRounds "6"]
[EventCountry "CAN"]

1. d4 Nf6 2. c4 g6 3. Nc3 Bg7 4. e4 d6 5. Nf3 O-O 6. Be2 e5 7. O-O Nc6 8. d5
Ne7 9. b4 Nh5 10. Re1 f5 11. Ng5 Nf4 12. Bxf4 exf4 13. Rc1 Kh8 14. Nf3 h6 15.
Bd3 g5 16. Nxg5 hxg5 17. Qh5+ Kg8 18. Qxg5 f3 19. h4 fxg2 20. h5 Kh7 21. exf5
Bf6 22. Qf4 Qe8 23. Qf3 Kh6 24. Ne4 Bxf5 25. Nxf6 Bxd3 26. Qe3+ 1-0

[Event "Abe Yanofsky mem U2000"]
[Site "Winnipeg CAN"]
[Date "2003.08.31"]
[Round "5"]
[White "Czarny, Keith"]
[Black "Cowdrey, Eric"]
[Result "1/2-1/2"]
[WhiteElo "1621"]
[BlackElo "1773"]
[PlyCount "117"]
[EventDate "2003.08.29"]
[EventType "swiss"]
[EventRounds "6"]
[EventCountry "CAN"]

1. Nf3 d5 2. d4 Nf6 3. g3 e6 4. Bg2 Be7 5. O-O O-O 6. Nc3 c5 7. dxc5 Bxc5 8. e3
Nc6 9. Re1 b6 10. a3 Bb7 11. b4 Be7 12. Bb2 Rc8 13. Rc1 a6 14. Ne2 Na7 15. Ne5
Nb5 16. c4 Nd6 17. c5 bxc5 18. bxc5 Nb5 19. c6 Ba8 20. Qa4 Qb6 21. Nd7 Nxd7 22.
cxd7 Rxc1 23. Rxc1 Bc6 24. Qg4 g6 25. a4 Na7 26. Bd4 Qb7 27. Bxa7 Bxa4 28. Bd4
Bxd7 29. Qf4 Rc8 30. Rxc8+ Bxc8 31. h4 a5 32. Bc3 Bb4 33. Ba1 Be7 34. Qe5 f6
35. Qb2 Qxb2 36. Bxb2 a4 37. Nc3 a3 38. Ba1 Kf7 39. Bf1 Ke8 40. Bb5+ Kd8 41.
Kf1 Kc7 42. Ke2 Kb6 43. Kd2 Bb4 44. Ba4 e5 45. Kd3 Kc5 46. Bb3 Bf5+ 47. Ke2
Bxc3 48. Bxc3 d4 49. exd4+ exd4 50. Ba1 h6 51. Kd2 g5 52. hxg5 fxg5 53. Bf7 Bb1
54. f3 Bf5 55. Bh5 Bh7 56. g4 Bg8 57. Bg6 Bd5 58. Kd3 Bc4+ 59. Kd2 1/2-1/2

[Event "Abe Yanofsky mem U2000"]
[Site "Winnipeg CAN"]
[Date "2003.08.31"]
[Round "5"]
[White "Gannon, Keith"]
[Black "Bays, Derek"]
[Result "1-0"]
[WhiteElo "1615"]
[BlackElo "1529"]
[PlyCount "103"]
[EventDate "2003.08.29"]
[EventType "swiss"]
[EventRounds "6"]
[EventCountry "CAN"]

1. e4 c5 2. d3 e5 3. Nc3 Nc6 4. Nd5 Be7 5. Nf3 Nf6 6. Nxe7 Qxe7 7. c3 d5 8. Bg5
d4 9. Be2 O-O 10. O-O Qd6 11. Qc2 h6 12. Bxf6 Qxf6 13. Rfe1 Ne7 14. Nd2 Qg6 15.
Bf1 f5 16. cxd4 cxd4 17. Nc4 Nc6 18. Qb3 Kh8 19. Rad1 Rb8 20. exf5 Rxf5 21. g3
Be6 22. Bh3 Rh5 23. Bxe6 Qxe6 24. Re2 Qg4 25. Rde1 b6 26. Nxe5 Nxe5 27. Rxe5
Rxe5 28. Rxe5 Qc8 29. Qd1 Qc7 30. Re1 Qf7 31. b3 Rf8 32. Qe2 g5 33. Qe5+ Kh7
34. Qe7 Kg8 35. Qxf7+ Rxf7 36. Re4 Rd7 37. Kg2 Kf7 38. h4 Rd5 39. hxg5 hxg5 40.
g4 a5 41. f4 Kf6 42. Kf3 b5 43. a4 b4 44. f5 Re5 45. Rxd4 Re1 46. Rd6+ Ke7 47.
Ra6 Rb1 48. Ke4 Rg1 49. f6+ Kf7 50. Kf5 Rd1 51. Ra7+ Kf8 52. Kg6 1-0

[Event "Abe Yanofsky mem U2000"]
[Site "Winnipeg CAN"]
[Date "2003.08.31"]
[Round "5"]
[White "Graham, Ken"]
[Black "Thompson, Brian"]
[Result "1-0"]
[WhiteElo "1903"]
[BlackElo "1864"]
[PlyCount "41"]
[EventDate "2003.08.29"]
[EventType "swiss"]
[EventRounds "6"]
[EventCountry "CAN"]

1. e4 e5 2. Nf3 Nf6 3. Nxe5 d6 4. Nxf7 Kxf7 5. d4 Be7 6. Nc3 Re8 7. Bc4+ Be6 8.
Bxe6+ Kxe6 9. f4 Kf7 10. e5 dxe5 11. fxe5 Kg8 12. O-O Nd5 13. Qg4 Nxc3 14. bxc3
Bf8 15. Bh6 Qe7 16. Rf3 Nc6 17. e6 g6 18. Rf7 Qd6 19. Bxf8 Rxf8 20. Rd7 Rf4 21.
Qh3 1-0

[Event "Abe Yanofsky mem U2000"]
[Site "Winnipeg CAN"]
[Date "2003.08.31"]
[Round "5"]
[White "Jarmasz, Mark"]
[Black "Boron, Anthony"]
[Result "1/2-1/2"]
[WhiteElo "1759"]
[BlackElo "1904"]
[PlyCount "94"]
[EventDate "2003.08.29"]
[EventType "swiss"]
[EventRounds "6"]
[EventCountry "CAN"]

1. e4 d5 2. exd5 Qxd5 3. Nc3 Qa5 4. d4 c6 5. Bc4 Bf5 6. Qf3 Nf6 7. Bd2 e6 8.
Qf4 Qd8 9. Bb3 Bd6 10. Qg5 Bg6 11. Nf3 Nbd7 12. O-O-O Qc7 13. h3 O-O-O 14. Rhe1
Nd5 15. Ne4 Bf4 16. Bxf4 Qxf4+ 17. Qxf4 Nxf4 18. Nh4 Bxe4 19. Rxe4 Nd5 20. g3
N7f6 21. Re2 g5 22. Nf3 Rhg8 23. Ne5 Rg7 24. c3 h5 25. Rg1 Nd7 26. Bd1 Nxe5 27.
Rxe5 Rh8 28. c4 Nf6 29. Kc2 Kc7 30. Bf3 Nd7 31. Ree1 Nf6 32. Kc3 Kd6 33. b4 Rc8
34. a4 a6 35. Re5 Rgg8 36. Rb1 b5 37. axb5 axb5 38. c5+ Kd7 39. Ra1 Rc7 40. Ra6
Nd5+ 41. Kb3 Nf6 42. Re1 g4 43. hxg4 hxg4 44. Bg2 Rg5 45. Re5 Rxe5 46. dxe5 Nd5
47. Ra8 Rc8 1/2-1/2

[Event "Abe Yanofsky mem U2000"]
[Site "Winnipeg CAN"]
[Date "2003.08.31"]
[Round "5"]
[White "MacPherson, Al"]
[Black "Bist, Kent"]
[Result "1-0"]
[WhiteElo "1606"]
[BlackElo "1669"]
[PlyCount "75"]
[EventDate "2003.08.29"]
[EventType "swiss"]
[EventRounds "6"]
[EventCountry "CAN"]

1. d4 d5 2. c4 dxc4 3. e4 Nc6 4. d5 Ne5 5. Nc3 e6 6. f4 Nd3+ 7. Bxd3 cxd3 8.
Qxd3 exd5 9. Qxd5 Be6 10. Qb5+ Qd7 11. Qxb7 Rd8 12. Qb5 c6 13. Qe2 Bc5 14. f5
Bxa2 15. Rxa2 Nf6 16. Bg5 h6 17. Bxf6 gxf6 18. Ra1 O-O 19. Rd1 Qc7 20. Qc4
Rxd1+ 21. Kxd1 Rd8+ 22. Kc2 Be3 23. Nf3 Qf4 24. Rd1 Rxd1 25. Kxd1 Qg4 26. Qe2
Bc5 27. Qe1 Kh7 28. Qg3 Qxg3 29. hxg3 h5 30. Ke2 Bd6 31. Nd4 Bxg3 32. Nxc6 a6
33. Nd5 Kg7 34. Ndb4 a5 35. Nxa5 Kf8 36. Nd5 Be5 37. b4 Ke8 38. Nc4 1-0

[Event "Abe Yanofsky mem U2000"]
[Site "Winnipeg CAN"]
[Date "2003.08.31"]
[Round "5"]
[White "Proulx, Roy"]
[Black "Milord, Frank"]
[Result "1/2-1/2"]
[WhiteElo "1664"]
[BlackElo "1566"]
[PlyCount "46"]
[EventDate "2003.08.29"]
[EventType "swiss"]
[EventRounds "6"]
[EventCountry "CAN"]

1. e4 e5 2. Nf3 Nc6 3. Bc4 Nf6 4. Ng5 d5 5. exd5 Na5 6. Bb5+ c6 7. dxc6 bxc6 8.
Be2 h6 9. Nxf7 Kxf7 10. O-O Bd6 11. d3 Bf5 12. a3 Nb7 13. c3 Qd7 14. f4 e4 15.
d4 Rhf8 16. Nd2 Kg8 17. Nc4 Kh8 18. Ne5 Bxe5 19. fxe5 Nh7 20. b4 Qe6 21. Be3
Rad8 22. Qd2 c5 23. Rad1 cxd4 1/2-1/2

[Event "Abe Yanofsky mem U2000"]
[Site "Winnipeg CAN"]
[Date "2003.08.31"]
[Round "5"]
[White "Strub, Michael"]
[Black "Wasney, Mark"]
[Result "1-0"]
[WhiteElo "1767"]
[BlackElo "1719"]
[PlyCount "87"]
[EventDate "2003.08.29"]
[EventType "swiss"]
[EventRounds "6"]
[EventCountry "CAN"]

1. d4 d5 2. c4 c6 3. Nf3 a6 4. cxd5 cxd5 5. Nc3 Bg4 6. Ne5 Bc8 7. Bf4 Nc6 8. e3
Nf6 9. Bd3 e6 10. a3 Be7 11. O-O O-O 12. Qc2 Bd7 13. Rac1 Be8 14. h3 h6 15. Qb1
Rc8 16. Rc2 Na5 17. Qa2 Nd7 18. Rfc1 Nxe5 19. Bxe5 Bd6 20. Ne2 Rxc2 21. Rxc2
Nc6 22. Bxd6 Qxd6 23. Qb3 Qc7 24. Nc1 Bd7 25. Qc3 Rc8 26. Nb3 Qd8 27. Nc5 Na7
28. Qb3 Bb5 29. Nxb7 Qd7 30. Nc5 Qe7 31. Nxa6 Bxa6 32. Bxa6 Rxc2 33. Qxc2 g6
34. Bd3 Kg7 35. b4 Qd6 36. Qc5 Qd7 37. b5 Qb7 38. a4 h5 39. b6 Nc6 40. Bb5 Nd8
41. Qc7 Qa8 42. Ba6 Qxa6 43. Qxd8 Qxa4 44. b7 1-0

[Event "Abe Yanofsky mem U2000"]
[Site "Winnipeg CAN"]
[Date "2003.08.31"]
[Round "5"]
[White "Van Wyk, Joseph"]
[Black "Magyar, Peter"]
[Result "1-0"]
[WhiteElo "1939"]
[BlackElo "1711"]
[PlyCount "87"]
[EventDate "2003.08.29"]
[EventType "swiss"]
[EventRounds "6"]
[EventCountry "CAN"]

1. e4 e6 2. c4 c5 3. Nc3 Nc6 4. Nge2 d6 5. d4 cxd4 6. Nxd4 Nf6 7. Bg5 Be7 8.
Ndb5 a6 9. Bxf6 gxf6 10. Nd4 Bd7 11. Qd2 Qb6 12. Nxc6 Bxc6 13. Be2 O-O-O 14.
Bh5 Rdg8 15. Bxf7 Rxg2 16. Bxe6+ Bd7 17. Nd5 Qd8 18. Bxd7+ Kxd7 19. O-O-O f5
20. Nxe7 Qxe7 21. exf5 Rf8 22. Qd5 Rxf2 23. Qxb7+ Ke8 24. Rhe1 Re2 25. Qxe7+
Rxe7 26. Rxe7+ Kxe7 27. Re1+ Kd7 28. Rf1 Ke7 29. Kd2 Kf6 30. Kc3 Re8 31. Rf2 a5
32. Kd4 Re5 33. b3 Rc5 34. a3 Re5 35. b4 axb4 36. axb4 Re1 37. Kd5 Rd1+ 38. Kc6
Rc1 39. c5 dxc5 40. bxc5 Re1 41. Kd6 Rd1+ 42. Kc7 Re1 43. c6 Re8 44. Kb7 1-0

[Event "Abe Yanofsky mem U2000"]
[Site "Winnipeg CAN"]
[Date "2003.08.31"]
[Round "5"]
[White "Wangen, Michael"]
[Black "Bince, Rolando"]
[Result "1-0"]
[WhiteElo "1907"]
[BlackElo "1858"]
[PlyCount "63"]
[EventDate "2003.08.29"]
[EventType "swiss"]
[EventRounds "6"]
[EventCountry "CAN"]

1. c4 Nf6 2. g3 e6 3. Bg2 d5 4. d4 Bb4+ 5. Bd2 Bxd2+ 6. Nxd2 dxc4 7. Nxc4 O-O
8. Nf3 Ne4 9. O-O c6 10. e3 b5 11. Ncd2 Nxd2 12. Nxd2 a6 13. Rc1 Ra7 14. Nb3
Bb7 15. Qd2 a5 16. Nc5 Ba8 17. Rfd1 Nd7 18. Nd3 Qb6 19. Nc5 Nf6 20. a3 Rd8 21.
Qc2 Rc7 22. Nb3 Rdc8 23. Rd3 a4 24. Nd2 g6 25. Rc3 Kg7 26. Ne4 Ne8 27. Rc5 h6
28. Qc3 f6 29. Bh3 Kf7 30. Qb4 f5 31. Re5 fxe4 32. Bxe6+ 1-0